书目信息 |
| 题名: |
马恩列斯文艺论著选读
|
|
| 作者: | 杨州师范学院 编 | |
| 分册: | ||
| 出版信息: | 南昌 江西人民出版社 1981 |
|
| 页数: | 423页 | |
| 开本: | 20cm | |
| 丛书名: | ||
| 单 册: | ||
| 中图分类: | A569.1 | |
| 科图分类: | ||
| 主题词: | 马列著作--专题汇编 | |
| 电子资源: | ||
| ISBN: | ||
| 000 | 00594nam0 2200193 450 | |
| 001 | 0655988437 | |
| 005 | 20060815153616.06 | |
| 010 | @dCNY1.40 | |
| 100 | @a20060726d1981 km y0chiy0120 ea | |
| 101 | 0 | @achi |
| 102 | @aCN@b360000 | |
| 200 | 1 | @a马恩列斯文艺论著选读@Ama en lie si wen yi lun zhu xuan du@f杨州师范学院等编@Fyang zhou shi fan xue yuan deng bian |
| 210 | @a南昌@c江西人民出版社@d1981 | |
| 215 | @a423页@d20cm | |
| 606 | 0 | @a马列著作@x专题汇编 |
| 690 | @aA569.1@v3 | |
| 701 | 0 | @a杨州师范学院@Ayang zhou shi fan xue yuan@4编 |
| 801 | 0 | @aCN@bPFT@c20060815 |
| 905 | @a10447@dA569.1@e48 | |
| 马恩列斯文艺论著选读/杨州师范学院等编.-南昌:江西人民出版社,1981 |
| 423页;20cm |
| ISBN :CNY1.40 |
| ● |
| 相关链接 |
|
|
|
|
正题名:马恩列斯文艺论著选读
索取号:A569.1/48
 
预约/预借
| 序号 | 登录号 | 条形码 | 馆藏地/架位号 | 状态 | 备注 |
| 1 | 0426691 | 204266917 | 密集书库/ [索取号:A569.1/48] | 在馆 | |
| 2 | 0460312 | 204603125 | 密集书库/ [索取号:A569.1/48] | 在馆 |